• 首页
  • 本馆介绍
  • 公告通知
  • 最新文献
  • 馆藏检索
  • 电子资源
  • 读者导购
  • 参考咨询
  • 我的图书馆
  • 登录
  • 详细信息显示
  • 放入我的书架
  • 预约/预借图书
  • 作者相关作品
  • 分类相关作品
  • 丛书相关作品
  • 出版社相关作品

书目信息

  • 表格格式
  • 工作单格式
  • 卡片格式
题名:
因地制宜,适切教研
    
 
作者: 巫伟民 著
分册:  
出版信息: 长春   吉林人民出版社  2019
页数: 170页
开本: 24cm
丛书名: 名师名校名校长书系
单 册:
中图分类: G633.412
科图分类:
主题词: 英语课--教学研究--初中
电子资源:
ISBN: 978-7-206-16666-2
000 00982oam2 2200241 450
001 2375564421
005 20231209234318.58
010    @a978-7-206-16666-2@dCNY45.00
100    @a20200921d2019 em y0chiy50 ea
101 0  @achi
102    @aCN@b220000
105    @aa z 000yy
200 1  @a因地制宜,适切教研@Ayin di zhi yi,shi qie jiao yan@e核心素养视角下的初中英语教学策略@f巫伟民著
210    @a长春@c吉林人民出版社@d2019
215    @a170页@c图,照片@d24cm
225 1  @a名师名校名校长书系
330    @a本书分为语言能力篇、文化意识篇、思维品质篇和学习能力篇,对初中英语教学策略进行了研究,内容包括:初中英语阅读后拓展活动的有效设计与反思、初中英语阅读课中提升文化意识的适切策略研究、主题意义引领下的初中英语阅读教学研究、初中英语写作教学中同伴互评模式的实践与思考等。
410  0 @12001 @a名师名校名校长书系
606 0  @a英语课@x教学研究@x初中
690    @aG633.412@v5
701  0 @a巫伟民@Awu wei min@4著
801  0 @aCN@b91MARC@c20201205
905    @aZUCC@dG633.412@e13
    
    因地制宜,适切教研:核心素养视角下的初中英语教学策略/巫伟民著.-长春:吉林人民出版社,2019
    170页:图,照片;24cm.-(名师名校名校长书系)
    
    
    ISBN 978-7-206-16666-2:CNY45.00
    本书分为语言能力篇、文化意识篇、思维品质篇和学习能力篇,对初中英语教学策略进行了研究,内容包括:初中英语阅读后拓展活动的有效设计与反思、初中英语阅读课中提升文化意识的适切策略研究、主题意义引领下的初中英语阅读教学研究、初中英语写作教学中同伴互评模式的实践与思考等。
●
相关链接 在五车中查询图书 在当当中查询图书 在豆瓣中查询图书


正题名:因地制宜,适切教研     索取号:G633.412/13         预约/预借

序号 登录号 条形码 馆藏地/架位号 状态 备注
1 2001034269   2001034269   第四书库/四8架A面3层2列/ [索取号:G633.412/13] 在馆    
2 2001034270   2001034270   第四书库/四8架A面3层2列/ [索取号:G633.412/13] 在馆    
3 2001034271   2001034271   第四书库/四8架A面3层2列/ [索取号:G633.412/13] 在馆    
4 2001034272   2001034272   第四书库/四8架A面3层2列/ [索取号:G633.412/13] 在馆    
5 2001034273   2001034273   第四书库/四8架A面3层2列/ [索取号:G633.412/13] 在馆    
6 2001034274   2001034274   第四书库/四8架A面3层2列/ [索取号:G633.412/13] 在馆    
山东省滨州职业学院图书馆 欢迎您!
大连网信软件有限公司© 版权所有